| 000 | 00909cam a2200241 a 4500 | ||
|---|---|---|---|
| 999 |
_c234628 _d234628 |
||
| 001 | 11996820 | ||
| 003 | Nust | ||
| 005 | 20170328122005.0 | ||
| 008 | 000504s2000 enk b 000 0 eng | ||
| 010 | _a 00361191 | ||
| 020 | _a9789694163895 (pbk.) | ||
| 040 |
_aDLC _cDLC |
||
| 041 | 0 |
_aeng _hurd |
|
| 050 | 0 | 0 |
_aPK2199.I65 _bT85 2000b |
| 082 |
_a891.4398 _bIQB |
||
| 100 | 1 |
_aIqbal, Muhammad, _cSir, _d1877-1938. |
|
| 245 | 1 | 0 |
_aTulip in the desert : _ba selection of the poetry of Muhammad Iqbal / _cedited and translated, with commentary and notes, by Mustansir Mir . |
| 260 |
_aLondon : _bHurst & Company, _c2000. |
||
| 300 |
_axiii, 195 p. ; _c22 cm. |
||
| 504 | _aIncludes bibliographical references (p. 158). | ||
| 700 | 1 |
_aMir, Mustansir, _d1949- |
|
| 906 |
_a7 _bcbc _corignew _d3 _encip _f20 _gy-gencatlg |
||
| 942 |
_2ddc _cBK |
||